000 00568cam a22002171 4500
001 he 68000706
003 DLC
005 20260227111455.0
008 840321s1966 is 000 0 heb
010 _ahe 68000706
035 _a(OCoLC)19158144
040 _aDLC
_cMH
_dCU
_dDLC
042 _apremarc
050 0 0 _aPJ5054.M326
_bS5
100 1 _aMartan, Avraham.
245 1 0 _aShavot ha-sirot ʻim ʻerev :
_bshirim.
260 _a[Tel-Aviv] :
_bMaḥbarot le-sifrut,
_c[1966]
300 _a51 p. ;
_c21 cm.
500 _aVocalized.
752 _aIsrael
_dTel Aviv
999 _c33042
_d33042